ロード中...
Beach Spawning Fishes: Reproduction in an endangered eco-system
| 第一著者: | |
|---|---|
| フォーマット: | Printed Book |
| 出版事項: |
London
CRC
2015
|
| LEADER | 00398nam a22001097a 4500 | ||
|---|---|---|---|
| 082 | |a 577.636 |b MAR.B | ||
| 100 | |a Karen L M Martin | ||
| 245 | |a Beach Spawning Fishes: Reproduction in an endangered eco-system | ||
| 260 | |a London |b CRC |c 2015 | ||
| 942 | |c BK | ||
| 999 | |c 8627 |d 8627 | ||
| 952 | |0 0 |1 0 |4 0 |6 577_636000000000000_MAR_B |7 0 |8 NFIC |9 10515 |a CAMPUS |b CAMPUS |d 2016-07-01 |l 0 |o 577.636 MAR.B |p 21430 |r 2016-07-01 |w 2019-07-15 |y BK | ||